000 00876nam a2200277 a 4500
001 BRCA_344
005 20190320202952.0
008 850509s1984 oncaf b 001 0 eng
020 _a0773503927
020 _a0773503935 (pbk.)
040 _aDLC
_cDLC
_dDLC
050 4 _aNK4029
_b.C64 1984
100 1 _aCollard, Elizabeth
_d1917-
_91142
245 1 0 _aNineteenth-Century pottery and porcelain in Canada
_cElizabeth Collard
250 _a2nd ed.
260 _aCanada
_bMcGill-Queen´s University
_c1984
300 _aXX, 477 p. + 1 hoja de láminas
_bil.
_c25 cm.
500 _aIncluye índice
500 _aDonación Consejo Británico
504 _aBibliografía: p. 443-466.
650 1 4 _aCerámica canadiense
_ySiglo XIX
_91143
650 1 4 _aPorcelana canadiense
_ySiglo XIX
_91144
650 1 4 _aCerámica
_ySiglo XIX
_zCanadá
_91145
902 _aDCB
942 _2lcc
_cB
999 _c281
_d281